El retrato de Dorian Gray: novela

Guardat en:
Dades bibliogràfiques
Autor principal: Wilde, Oscar 1854-1900 (Autor)
Format: Llibre
Idioma:espanyol
Publicat: Buenos Aires Compañía General Fabril 1961
Col·lecció:Los Libros del Mirasol
Matèries:
Etiquetes: Afegir etiqueta
Sense etiquetes, Sigues el primer a etiquetar aquest registre!

MARC

LEADER 00000nam a2200000 a 4500
001 UCZ6620
003 CL-VaPUC
008 951211e19610000AG |||||||||||||||||spa|d
082 0 4 |a 823  |b WIL  |2 21 
100 |a Wilde, Oscar  |d 1854-1900  |e author  |9 347444 
245 1 3 |a El retrato de Dorian Gray: novela 
300 |a 189 p 
942 |c BK 
945 |d 19951211 00:00:00  |a lriquelm 
260 |a Buenos Aires  |b Compañía General Fabril  |c 1961 
650 0 |a Novelas inglesas  |9 265220 
650 0 |a Literatura inglesa  |9 312907 
583 |a last modification  |c 19951211 00:00:00  |k Rodrigo Vera 
490 0 |a Los Libros del Mirasol 
999 |c 242814  |d 242812 
952 |0 0  |1 0  |4 0  |6 823_000000000000000_WIL_1961  |7 0  |8 A  |9 256027  |a BIBEDU  |b BIBEDU  |d 2019-11-19  |i 1605615  |l 1  |m 1  |o 823 WIL 1961  |p 1605615  |r 2023-09-05  |s 2023-08-16  |w 2019-11-19  |y BK  |k EDU